[Event "Arab-ch (Women)"]
[Site "Abu Dhabi"]
[Date "2013.12.12"]
[Round "5"]
[White "Gameel, Amal"]
[Black "Awad, Omaima"]
[Result "1/2-1/2"]
[WhiteElo "1752"]
[BlackElo "1641"]
[PlyCount "61"]
[EventDate "2013.12.08"]
[EventType "swiss"]
[EventRounds "9"]
[EventCountry "UAE"]
[SourceTitle "CBM 157 Extra"]
[Source "ChessBase"]
[SourceDate "2013.12.19"]
[SourceVersion "1"]
[SourceVersionDate "2013.12.19"]
[SourceQuality "1"]

1. e4 e5 2. Nf3 Nc6 3. Nc3 Nf6 4. d4 exd4 5. Nxd4 Bb4 6. Nxc6 dxc6 7. Qxd8+ Kxd8 8. Bg5 Bxc3+ 9. bxc3 Ke7 10. 0-0-0 h6 11. Bxf6+ gxf6 12. Bc4 Be6 13. Bb3 Rad8 14. Rxd8 Rxd8 15. Rd1 Rxd1+ 16. Kxd1 f5 17. exf5 Bxf5 18. Kd2 Be4 19. f3 Bd5 20. Ke3 Ke6 21. Kf4 Kf6 22. g4 b5 23. h4 a5 24. a4 bxa4 25. Bxa4 c5 26. Bb5 c4 27. Kg3 Ke6 28. f4 Be4 29. Ba4 Bd5 30. Bb5 Kf6 31. Ba4 1/2-1/2

[Event "Olympiad Women-40"]
[Site "Istanbul"]
[Date "2012.09.03"]
[Round "6.2"]
[White "Gameel, Amal"]
[Black "Tsoi, Nicole"]
[Result "0-1"]
[WhiteElo "1753"]
[BlackElo "1786"]
[PlyCount "60"]
[EventDate "2012.08.28"]
[EventType "team-swiss"]
[EventRounds "11"]
[EventCountry "TUR"]
[SourceTitle "CBM 150 Extra"]
[Source "ChessBase"]
[SourceDate "2012.10.19"]
[SourceVersion "1"]
[SourceVersionDate "2012.10.19"]
[SourceQuality "1"]
[WhiteTeam "Yemen (W)"]
[BlackTeam "New Zealand (W)"]
[WhiteTeamCountry "YEM"]
[BlackTeamCountry "NZL"]

1. e4 e6 2. d4 d5 3. exd5 exd5 4. Bd3 Nf6 5. Nc3 Bb4 6. Nge2 0-0 7. Bg5 Nc6 8. 0-0 Bxc3 9. Nxc3 Nb4 10. Re1 h6 11. Bh4 c6 12. a3 Nxd3 13. Qxd3 Qd6 14. Re5 Ng4 15. Be7 Nxe5 16. Bxf8 Nxd3 17. Bxd6 Nxb2 18. Re1 Bf5 19. Bg3 Nc4 20. Re7 b6 21. Rc7 Na5 22. Bd6 Bxc2 23. Bb4 Nb3 24. Rxc6 Nxd4 25. Rc7 Ne6 26. Rd7 d4 27. Ne2 d3 28. Nc1 a5 29. Be7 Re8 30. Bh4 Nc5 0-1

[Event "Olympiad Women-39"]
[Site "Khanty-Mansiysk"]
[Date "2010.10.01"]
[Round "10.46"]
[White "Matoussi, Amani"]
[Black "Gameel, Amal"]
[Result "1/2-1/2"]
[WhiteElo "1545"]
[BlackElo "1784"]
[PlyCount "29"]
[EventDate "2010.09.21"]
[EventType "team-swiss"]
[EventRounds "11"]
[EventCountry "RUS"]
[SourceTitle "CBM 139"]
[Source "ChessBase"]
[SourceDate "2010.11.18"]
[SourceVersion "1"]
[SourceVersionDate "2010.11.18"]
[SourceQuality "1"]
[WhiteTeam "Tunisia (W)"]
[BlackTeam "Yemen (W)"]
[WhiteTeamCountry "TUN"]
[BlackTeamCountry "YEM"]

1. e4 e5 2. Nf3 Nc6 3. d4 exd4 4. Bc4 Be7 5. c3 d6 6. cxd4 Nf6 7. d5 Ne5 8. Nxe5 dxe5 9. Nc3 0-0 10. 0-0 Qd6 11. Qd3 Rd8 12. Be3 Ne8 13. Rad1 Qg6 14. f4 exf4 15. Rxf4 1/2-1/2

[Event "Olympiad Women-39"]
[Site "Khanty-Mansiysk"]
[Date "2010.09.21"]
[Round "1.28"]
[White "Ghader Pour, Shayesteh"]
[Black "Gameel, Amal"]
[Result "1-0"]
[WhiteElo "2206"]
[BlackElo "1784"]
[PlyCount "95"]
[EventDate "2010.09.21"]
[EventType "team-swiss"]
[EventRounds "11"]
[EventCountry "RUS"]
[SourceTitle "CBM 139"]
[Source "ChessBase"]
[SourceDate "2010.11.18"]
[SourceVersion "1"]
[SourceVersionDate "2010.11.18"]
[SourceQuality "1"]
[WhiteTeam "Iran (W)"]
[BlackTeam "Yemen (W)"]
[WhiteTeamCountry "IRI"]
[BlackTeamCountry "YEM"]

1. e4 e5 2. Nf3 Nc6 3. Bb5 a6 4. Ba4 Nf6 5. 0-0 b5 6. Bb3 Be7 7. d4 exd4 8. e5 Ne4 9. Bd5 Nc5 10. Nxd4 Bb7 11. Bxc6 Bxc6 12. Qg4 Rg8 13. Nxc6 dxc6 14. Rd1 Qc8 15. Qf3 Qe6 16. Nc3 Rd8 17. Be3 Rxd1+ 18. Rxd1 Nd7 19. Bf4 g5 20. Bg3 Rg6 21. Qe2 Bb4 22. Ne4 Be7 23. Nc3 a5 24. a4 b4 25. Nb1 Nc5 26. b3 f5 27. f3 Qc8 28. Nd2 Ne6 29. Nc4 Bc5+ 30. Bf2 Nf4 31. Qd2 Bxf2+ 32. Kxf2 Nd5 33. Qd4 Qa6 34. Qc5 Re6 35. Qxa5 Qxa5 36. Nxa5 Rxe5 37. Nxc6 Re6 38. Rxd5 Rxc6 39. Rd2 Rc5 40. Ke2 h5 41. Kd1 Re5 42. Re2 Rxe2 43. Kxe2 c5 44. Kd3 Kd7 45. Kc4 Kc6 46. a5 g4 47. h3 h4 48. a6 1-0

[Event "Wch U16 Girls"]
[Site "Kemer"]
[Date "2009.11.16"]
[Round "6"]
[White "Revo, Tatiana"]
[Black "Gameel, Amal"]
[Result "1-0"]
[WhiteElo "1964"]
[BlackElo "1825"]
[PlyCount "59"]
[EventDate "2009.11.12"]
[EventType "swiss"]
[EventRounds "11"]
[EventCountry "TUR"]
[SourceTitle "EXT 2010"]
[Source "ChessBase"]
[SourceDate "2010.11.25"]
[SourceVersion "1"]
[SourceVersionDate "2010.11.25"]
[SourceQuality "1"]

1. e4 e5 2. Nf3 Nc6 3. Bb5 a6 4. Ba4 Nf6 5. 0-0 b5 6. Bb3 d6 7. c3 Nxe4 8. Bd5 Bb7 9. Bxe4 d5 10. Bc2 Bd6 11. a4 0-0 12. axb5 axb5 13. Rxa8 Bxa8 14. Na3 b4 15. Nb5 bxc3 16. dxc3 Bc5 17. Be3 Bxe3 18. fxe3 Qb8 19. Qe2 e4 20. Nfd4 Nxd4 21. Nxd4 Qxb2 22. Qf2 f6 23. Ne6 Rc8 24. Nxg7 Qxc3 25. Nh5 Kh8 26. Nxf6 Rf8 27. Bd1 Qe5 28. Qh4 Qe7 29. Bh5 Bc6 30. Bg6 1-0

[Event "Wch U16 Girls"]
[Site "Kemer"]
[Date "2009.11.12"]
[Round "1"]
[White "Gameel, Amal"]
[Black "Suslova, Alena"]
[Result "0-1"]
[WhiteElo "1825"]
[BlackElo "2157"]
[PlyCount "22"]
[EventDate "2009.11.12"]
[EventType "swiss"]
[EventRounds "11"]
[EventCountry "TUR"]
[SourceTitle "EXT 2010"]
[Source "ChessBase"]
[SourceDate "2010.11.25"]
[SourceVersion "1"]
[SourceVersionDate "2010.11.25"]
[SourceQuality "1"]

1. e4 d5 2. exd5 Nf6 3. Nf3 Nxd5 4. d4 g6 5. Be2 Bg7 6. 0-0 0-0 7. c4 Nb6 8. b3 Nc6 9. Bb2 Bg4 10. Ne5 Bxe2 11. Qxe2 Nxd4 0-1